| 000 | 00423nam a2200145 a 4500 | ||
|---|---|---|---|
| 005 | 20140412111304.0 | ||
| 008 | 010131s19uu xx 00 eng d | ||
| 050 |
_aTR(PS) E _bLi778 1988 |
||
| 100 | _aBalbin, Geraldine Joyce | ||
| 245 |
_aLittle dotboy / _cGeraldine Joyce Balbin ; illustrated by T. Verzosaa. |
||
| 260 |
_aPasay City, M. M : _bPaulines, _c1988. |
||
| 300 | _a22 p. | ||
| 650 | _aReading | ||
| 999 |
_c103556 _d103556 |
||